Young Nudy Charting Songs (Billboard Hot 100) - Statistics

General Stats
  • This quiz has been taken 20 times
    5 since last reset
  • The average score is 4 of 6
Answer Stats
Album Weeks On Peak Artist(s) Song % Correct
Heroes & Villains 2 Weeks #23 Metro Boomin', 21 Savage & Young Nudy Umbrella
100%
Gumbo 20 Weeks #33 Young Nudy ft. 21 Savage Peaches & Eggplants
80%
Revenge of the Dreamers III 2 Weeks #64 Dreamville ft. JID, Bas, J.Cole, EARTHGANG & Young Nudy Down Bad
60%
Lil Uzi Vert vs. The World 2 1 Week #89 Lil Uzi Vert ft. Young Nudy Money Spread
60%
Savage Mode II 1 Week #61 21 Savage & Metro Boomin' ft. Young Nudy Snitches & Rats
60%
WHAT HAPPENED TO THE STREETS? 1 Week #89 21 Savage & Young Nudy STEPBROTHERS
40%
No matching quizzes found
Score Distribution
Percent of People with Each Score
Percentile by Number Answered
Your Score History
You have not taken this quiz since the last reset